| 000 | 00661nam a22002297a 4500 | ||
|---|---|---|---|
| 005 | 20170124110107.0 | ||
| 010 | _a765349 | ||
| 020 | _c00.00 | ||
| 035 | _a765349 | ||
| 037 | _bCen Lib/Ret | ||
| 040 |
_aDPL _bEN |
||
| 082 |
_a354.54 _bKHE |
||
| 100 |
_aKhera, S.S. _928229 |
||
| 245 |
_aThe central executive / _cby S.S.Khera |
||
| 260 |
_bOrient Longman _aNew Delhi _c1975 |
||
| 270 |
_a1/24, Asaf Ali Road _e110002 _bNew Delhi |
||
| 300 |
_axi,334p. _c20cm(Hb) |
||
| 500 | _aIncludes index | ||
| 650 |
_aExecutive departments _928230 |
||
| 650 |
_aIndia -- Politics and government -- 1947 _914822 |
||
| 942 |
_2ddc _cEN _h354.54 _mKHE |
||
| 999 |
_c130083 _d130083 |
||